Účtovné a daňové riešenie zlúčenia ako typu kombinácie podnikov z pohľadu nástupníckej účtovnej jednotky v Slovenskej republike

Saved in:
Bibliographic Details
Main Author: Podmanická, Martina, 1977-
Format: Book Chapter
Language:English
Subjects:
Tags: Add Tag
No Tags, Be the first to tag this record!

MARC

LEADER 00000naa$a2200000$$$4500
001 0289213
005 20240502074429.5
041 0 |a eng 
044 |a SK 
245 1 0 |a Účtovné a daňové riešenie zlúčenia ako typu kombinácie podnikov z pohľadu nástupníckej účtovnej jednotky v Slovenskej republike  |c Martina Podmanická 
500 |a Abstrakt 
610 2 0 |a jednotka účtovná 
610 2 0 |a dane 
610 2 0 |a účtovníctvo 
610 2 0 |a Slovensko 
100 1 |a Podmanická, Martina, 1977-